Most Popular BART stations Quiz Stats

 Plays Quiz not verified by Sporcle

Score 0/15 Timer 05:00
0 Plays Today
Daily Entries and Exits BART station % Correct
65,119Embarcadero
93.8%
50,232Powell Street
87.9%
64,487Montgomery Street
83.9%
37,064Civic Center
83%
21,144Downtown Berkeley
77.2%
14,680Daly City
72.8%
24,67812th Street/Oakland City Center
69.2%
20,38016th Street Mission
68.3%
Daily Entries and Exits BART station % Correct
19,77019th Street Oakland
68.3%
23,23524th Street Mission
65.6%
14,125Fremont
63.8%
15,696MacArthur
61.6%
15,058Dublin/Pleasanton
53.6%
23,043Balboa Park
52.2%
14,117El Cerrito del Norte
36.2%

You're not logged in!

Compare scores with friends on all Sporcle quizzes.
OR
Log In

Show Comments

Extras

Top Quizzes Today


Score Distribution

Your Account Isn't Verified!

In order to create a playlist on Sporcle, you need to verify the email address you used during registration. Go to your Sporcle Settings to finish the process.

Report this User

Report this user for behavior that violates our Community Guidelines.

Details: